Kluby Betclic 1 Liga - Sezon 25/26 - Statystyki

Ogólne statystyki
  • Ten quiz został rozwiązany 100 razy
  • Średni wynik to 15 z 18
Statystyki odpowiedzi
Nazwa klubu % Poprawnych
Wisła Kraków
99%
Wieczysta Kraków
91%
Polonia Warszawa
90%
Śląsk Wrocław
90%
Stal Rzeszów
89%
Pogoń Grodzisk Mazowiecki
86%
Polonia Bytom
85%
Stal Mielec
85%
Ruch Chorzów
84%
ŁKS Łódź
81%
Puszcza Niepołomice
79%
GKS Tychy
78%
Miedź Legnica
76%
Chrobry Głogów
74%
Znicz Pruszków
73%
Górnik Łęczna
71%
Odra Opole
70%
Pogoń Siedlce
69%
Nie znaleziono quizów pasujących do podanych kryteriów
Rozkład punktacji
Procent ludzi z każdym wynikiem
Percentyl według liczby udzielonych odpowiedzi
Twoja historia wyników
Nie rozwiązałeś tego quizu